000 00715nam a2200241 a 4500
001 5197
003 CO-ViMGA
005 20260224163948.0
008 141112s2004 ck r 000 u spa d
020 _a9789584478979
040 _aCO-ViMGA
_bspa
_cCO-ViMGA
041 _aSPA
084 _aN TEL5
100 1 _aTellez T., Pedro Claver
_939300
245 1 0 _aLa Pola :
_bespía patriota /
_cPedro Claver Téllez
300 _a167 p.
490 _aBicentenario
600 _aSALAVARRIETA, POLICARPA, 1795 - 1817 - NOVELA
650 1 4 _aHEROINAS - COLOMBIA - NOVELA
_939302
650 1 4 _aMUJERES EN LA INDEPENDENCIA - COLOMBIA - NOVELA
_939303
650 1 4 _aNOVELA HISTORICA COLOMBIANA
_92105
942 _2ddc
_cBK
999 _c5197
_d5197